| 000 | 00532nam a2200193 a 4500 | ||
|---|---|---|---|
| 001 | 000035377 | ||
| 005 | 20200930074310.0 | ||
| 008 | 111031s1995 ve 000 0 spa d | ||
| 020 | _a9806014316 | ||
| 040 |
_aDO-SdBNP _bspa _cBNPHU |
||
| 082 |
_axxxx _bR696 |
||
| 100 | 1 |
_aRodríguez, Carlos César _95173 |
|
| 245 | 1 | 0 |
_a21 poemas. / _cCarlos César Rodríguez. |
| 246 | 1 | 0 | _aVeinte y uno |
| 260 |
_aCaracas : _bEdiciones con textos, _c1995. |
||
| 300 |
_a33 p. ; _c21 cm. |
||
| 490 | 1 |
_aPlural _v26 |
|
| 830 | 0 |
_aPlural _v26 _961190 |
|
| 999 |
_c34868 _d34868 |
||